LEADER 01290nam a2200277 a 4500 001 000000142499 003 CaOOAMICUS 005 20150327150626.0 008 150327s2002 it a u000 u ita r 040 $aPUL$bita 245 03$aLa chiesa di Bologna e la cultura europea :$batti del convegno di studi Bologna 1-2 dicembre 2000. 260 $aBologna :$bBarghigiani$g2002 300 $a302 p. :$bill. ;$c25 cm 490 1 $aSaggi e ricerche ;$v13 500 $aIn testa al front.: Istituto per la storia della Chiesa di Bologna. 500 $aInclude un saggio di Ovidio Capitani. 504 $aBibliografia in nota. 651 4$aBologna$xStoria ecclesiastica.$0(OLS)http://pul/subject/41469 700 1 $aCapitani, Ovidio,$d1930-2012.$0(OLS)http://pul/name/1205 830 0$aSaggi e ricerche (Istituto per la storia della Chiesa di Bologna) ;$v13.$0(OLS)http://pul/title/180383 850 $aPUL 852 $aPUL$W1$xDP1 Fondo Capitani$y116$m10 F 6$j43831$qFondi$B164594$CPULBib$Z2$F164594 $HCap1753 $82 941 1 $a1 996 $6245$aLa chiesa di Bologna e la cultura europea :$batti del convegno di studi Bologna 1-2 dicembre 2000$9(OLS)http://pul/title/180386 996 $6260$aBologna :$bBarghigiani$9(OLS)http://pul/publisher/68604 LEADER 01113nam a2200289 a 4500 001 000000150660 003 CaOOAMICUS 005 20160321101938.0 008 160321s1976 gw u000 u ger r 032 $aLibriCat 040 $aPUL$bita 100 1 $aKasper, Walter,$ccardinale,$d1933-$0(OLS)http://pul/name/6391 245 10$aKirche : $bort des Geistes /$cWalter Kasper, Gerhard Sauter. 260 $aFreiburg :$bHerder,$c©1976. 300 $a106 p. ;$c20 cm. 490 1 $aKleine ökumenische Schriften 500 $aContiene indice. 504 $aBibliografia in nota. 650 4$aEcclesiologia.$0(OLS)http://pul/subject/22628 700 1 $aSauter, Gerhard.$0(OLS)http://pul/name/12782 830 0$aKleine ökumenische Schriften.$0(OLS)http://pul/title/51681 850 $aPUL 852 $aPUL$W1$xDP1 Fondo Bordoni$y120$m3 N 46$j168137$qFondi$B175223$CPULBib$Z2$F175223 $HBor95 $81 941 1 $a1 996 $6245$aKirche : $bort des Geistes$9(OLS)http://pul/title/189817 996 $6260$aFreiburg :$bHerder$9(OLS)http://pul/publisher/48354